MARC

LEADER 00000nam0a2200000 4500
001 277670
005 20231031231527.0
020 |a RU  |b 86-29434 
035 |a (RuTPU)RU\TPU\book\300947 
090 |a 277670 
100 |a 20141205d1986 m y0rusy5003 ca 
101 0 |a rus 
102 |a RU 
105 |a y z 001zy 
200 1 |a Культура Боливии  |f Академия наук СССР, Институт Латинской Америки ; под ред. В. А. Кузьмищева 
210 |a Москва  |c Наука  |d 1986 
215 |a 248 с.  |c ил., нот. ил. 
320 |a Библиогр. в примеч. в конце глав 
606 1 |a Культура  |2 stltpush  |3 (RuTPU)RU\TPU\subj\16748 
610 1 |a Боливия 
610 1 |a история 
610 1 |a народное образование 
610 1 |a архитектура 
610 1 |a живопись 
610 1 |a киноискусство 
610 1 |a печать 
610 1 |a СССР 
610 1 |a культурные связи 
686 |a Ч11(7)  |v LBC/SL-A  |2 rubbk 
702 1 |a Кузьмищев  |b В. А.  |g Владимир Александрович  |4 340 
712 0 2 |a Академия наук СССР (АН СССР)  |b Институт Латинской Америки (ИЛА)  |2 stltpush  |3 (RuTPU)RU\TPU\col\13663 
801 0 |a RU  |b RuMRKP  |c 19960704  |g psbo 
801 1 |a RU  |b 63413507  |c 20141205 
801 2 |a RU  |b 63413507  |c 20171221  |g RCR 
942 |c BK